|
|
|
|
| LEADER |
00000nam a2200000 a 4500 |
| 001 |
UCQ7713 |
| 003 |
CL-VaPUC |
| 008 |
981113e19950000SP |||||||||||||||||spa|d |
| 082 |
0 |
4 |
|a 364
|b BER
|2 21
|
| 100 |
0 |
|
|a Berni, Joseph
|e author
|9 421482
|
| 245 |
1 |
0 |
|a Práctica criminal
|
| 300 |
|
|
|a 205 p
|
| 942 |
|
|
|c BK
|
| 945 |
|
|
|d 19981113 00:00:00
|a aarredon
|
| 260 |
|
|
|a Madrid
|b Civitas
|c 1995
|
| 650 |
|
0 |
|a Criminología
|9 256168
|
| 650 |
|
7 |
|a DELINCUENTES
|2 CL-VaPUC
|9 315465
|
| 650 |
|
0 |
|a Procedimiento penal
|9 254974
|
| 650 |
|
7 |
|a PSICOLOGIA CRIMINAL
|2 CL-VaPUC
|9 256274
|
| 650 |
|
7 |
|a DERECHO PENAL
|2 CL-VaPUC
|9 11
|
| 650 |
|
0 |
|a Problemas sociales
|9 258537
|
| 583 |
|
|
|a last modification
|c 19981113 00:00:00
|k Rodrigo Vera
|
| 999 |
|
|
|c 277170
|d 277168
|
| 952 |
|
|
|0 0
|1 0
|4 0
|6 364_000000000000000_BER_1995
|7 0
|8 A
|9 314985
|a BIBDER
|b BIBDER
|d 2019-11-20
|i 3480771
|o 364 BER 1995
|p 3480771
|r 2023-01-25
|w 2019-11-20
|y BK
|k DER
|